[Event "FRA-ch U10"]
[Site "Calvi"]
[Date "2005.04.19"]
[Round "4"]
[White "Getti, Gaetan"]
[Black "Lamard, Guillaume"]
[Result "0-1"]
[WhiteElo "1009"]
[BlackElo "1570"]
[PlyCount "92"]
[EventDate "2005.04.??"]
[EventType "swiss"]
[EventRounds "9"]
[EventCountry "FRA"]
[SourceTitle "EXT 2006"]
[Source "ChessBase"]
[SourceDate "2005.11.24"]
[SourceVersion "1"]
[SourceVersionDate "2005.11.24"]
[SourceQuality "1"]

1. d4 Nf6 2. c4 c5 3. d5 b5 4. cxb5 a6 5. bxa6 Bxa6 6. g3 Bb7 7. Bg2 e6 8. Nc3 c4 9. a3 Bb4 10. Bg5 Qa5 11. Qd2 Nxd5 12. Rc1 Bxc3 13. bxc3 Qxa3 14. Bf4 Na6 15. Nh3 Nc5 16. 0-0 Nb3 17. Qc2 Nxc1 18. Bxc1 Qb3 19. Qxb3 cxb3 20. Bb2 Ra2 21. Rb1 Ba6 22. Bxd5 exd5 23. Kg2 Bxe2 24. Nf4 Bc4 25. Ra1 Rxa1 26. Bxa1 0-0 27. Kf3 Ra8 28. Bb2 Ra2 29. Bc1 b2 30. Bxb2 Rxb2 31. Ke3 Rc2 32. Kd4 Rxf2 33. Nxd5 Bxd5 34. Kxd5 Rxh2 35. c4 Rh3 36. g4 Rc3 37. c5 f6 38. Kd6 Rxc5 39. Kxc5 Kf7 40. Kd6 Kg6 41. Kxd7 f5 42. gxf5+ Kxf5 43. Kd6 g5 44. Kd5 g4 45. Kd4 Kf4 46. Kd3 Kf3 0-1